Masterpieces of Indian literature : (Record no. 8250)

MARC details
000 -LEADER
fixed length control field 00563cam a2200217ua 4500
001 - CONTROL NUMBER
control field 9187
005 - DATE AND TIME OF LATEST TRANSACTION
control field 20260515114434.0
008 - FIXED-LENGTH DATA ELEMENTS--GENERAL INFORMATION
fixed length control field 150223n ii |||gr||||Z||||||eng
020 ## - INTERNATIONAL STANDARD BOOK NUMBER
International Standard Book Number 8123719787
040 ## - CATALOGING SOURCE
Transcribing agency MAIN
041 ## - LANGUAGE CODE
Language code of text/sound track or separate title eng
082 ## - DEWEY DECIMAL CLASSIFICATION NUMBER
Classification number 820.954
100 ## - MAIN ENTRY--PERSONAL NAME
Personal name George, K. M.,
Relator term Editor.
245 1# - TITLE STATEMENT
Title Masterpieces of Indian literature :
Remainder of title Vol 2 /
Statement of responsibility, etc. Edited by K. M. George .
250 ## - EDITION STATEMENT
Edition statement 1st.
260 ## - PUBLICATION, DISTRIBUTION, ETC.
Place of publication, distribution, etc. New Delhi:
Name of publisher, distributor, etc. National,
Date of publication, distribution, etc. 1998.
300 ## - PHYSICAL DESCRIPTION
Extent 646p.
653 ## - INDEX TERM--UNCONTROLLED
Uncontrolled term English.& Old English literatures
653 ## - INDEX TERM--UNCONTROLLED
Uncontrolled term Indian literature
942 ## - ADDED ENTRY ELEMENTS (KOHA)
Koha item type Books
Holdings
Withdrawn status Lost status Damaged status Not for loan Home library Current library Shelving location Date acquired Total checkouts Full call number Barcode Date last seen Copy number Price effective from Koha item type
        Naharkatiya College Library Naharkatiya College Library General stacks 09/19/2020   820.954 | MAS 16259 09/19/2020 1 09/19/2020 Books